000 00659nam a2200277Ia 4500
005 20260324131427.0
008 008 260324s9999 xx 000 0 eng d
020 _a9780203040546
037 _aEBOOK
040 _aCRL
040 _beng
040 _cCRL
041 _2eng
041 _aeng
084 _qCRL
100 _aHoward Carter; Lord Carnarvon
_91185482
245 0 _aTutankhamen & The Discovery of His Tomb
260 _bTaylor and Francis
260 _c2006
365 _a
365 _b70.99
856 _uhttp://www.taylorfrancis.com/books/9780203040546
942 _cEBOOK
999 _c1782608
_d1782608